State Quiz - Rondônia - Statistics

General Stats
  • This quiz has been taken 13 times
  • The average score is 9 of 15
Answer Stats
Hint Answer % Correct
State capital Porto Velho
91%
Landscape that used to cover almost 100% of Rondônia, but now only covers 59% Amazon rainforest
82%
Only foreign country that borders Rondônia Bolivia
82%
Second largest city Ji-{Paraná}
82%
Brazilian states that border Rondônia Amazonas
73%
Brazilian states that border Rondônia Mato Grosso
73%
Brazilian states that border Rondônia Acre
64%
Railroad completed in 1912 during the rubber boom Madeira-{Mamoré}
55%
The state capital's name is Portuguese for... Old Port
55%
Largest meat export of Rondônia Beef
45%
Most commonly grown crop Soybeans
45%
Explorer of northern Brazil who Rondônia is named for {Cândido} Rondon
36%
The above is on this river Madeira
36%
...which is because of this manmade process Deforestation
27%
Rondônia is home to over 20 native _________ Languages
18%
No matching quizzes found
Score Distribution
Percent of People with Each Score
Percentile by Number Answered
Your Score History
You have not taken this quiz